| 000 | 00742nam a2200193Ia 4500 | ||
|---|---|---|---|
| 005 | 20251020182618.0 | ||
| 008 | 200515s9999 xx 000 0 und d | ||
| 082 | _aSC/696.11/M26 | ||
| 100 | _aMARTIN, Jules | ||
| 245 | 0 | _aManual práctico para la instalación y conservación de una distribución de agua | |
| 260 | _aBilbao | ||
| 260 | _c1966 | ||
| 300 | _a193 | ||
| 520 | _aEstablecimiento de una canalización de agua bajo la calzada comprende dos partes muy diferentes. La primera es la apertura de la zanja, la colocación del tubo y de los accesorios, es decir, el trabajo del montaje de los diversos aparatos (válvulas, bocas, | ||
| 650 | _aABASTECIMIENTO DE AGUA | ||
| 650 | _aMANUALES | ||
| 650 | _aTUBERIAS | ||
| 942 | _cLIB | ||
| 999 |
_c3554 _d3554 |
||